| 000 | 00834nam a2200169 a 4500 | ||
|---|---|---|---|
| 008 | 120416s1974 ||||||||||||||||| || u | ||
| 050 | _aN 5343 Pai | ||
| 100 | _aPaine, Robert Treat | ||
| 245 | 1 | 4 | _aThe art and architecture of Japan |
| 250 | _a2nd ed. | ||
| 260 |
_aHarmondsworth, Eng. _bPenguin _c1974 |
||
| 300 | _axviii, 328p. : ill. | ||
| 350 | _a0.00 | ||
| 995 |
_aANNEX COLLECTION (Main Library) _D0.00 _e720001 _FCBU-MAIN LIBRARY (Kitwe) _H1 _I10.00 _jN 5343 PAI _M2 _UAVAILABLE _y009793 _ZAnnex Low-Usage Collection |
||
| 995 |
_aANNEX COLLECTION (Main Library) _D0.00 _e703978 _FCBU-MAIN LIBRARY (Kitwe) _H1 _I0.00 _jN 5343 Pai _M3 _UAVAILABLE _y009774 _ZAnnex Low-Usage Collection |
||
| 995 |
_aANNEX COLLECTION (Main Library) _D0.00 _e704312 _FCBU-MAIN LIBRARY (Kitwe) _H2 _I0.00 _jN 5343 Pai _M1 _UAVAILABLE _y009775 _ZAnnex Low-Usage Collection |
||
| 999 |
_c84368 _d84368 |
||